000 00414nam a2200157 i 4500
001 63430
003 ES-MaACL
005 20230906164850.0
007 t|
008 031210s1969 sp ||||1| spa d
100 1 _aFerrer, María Blanca.
_950429
245 1 0 _aYoerías /
_cMaría Blanca Ferrer.
260 _aPamplona :
_bEd. Gómez,
_c1969.
300 _a57 p. ;
_c17 cm.
852 _aES-MaACL
_jC-36874
_bR.69683
999 _c63430
_d63430